000 00480nam a2200157Ia 4500
008 231217s9999 xx 000 0 und d
041 _aEnglish
082 _a001.6404 KES R
100 _aKeshav Murthy, S
245 0 _aMicroprocessor and interfacing : for IV sem. CS, IS, Engg. as per revised VTU syllabus
250 _a1st ed.
260 _c2005
_bSubhas Publ.
_aBangalore
300 _aix+355
650 _aMicroprocessor,interfacing,:,sem.,CS,,IS,,Engg.
942 _cAA
999 _c174817
_d174817